[Event "BRA-ch U26"]
[Site "Joinville"]
[Date "2023.10.11"]
[Round "4"]
[White "Pimentel, Lucas Dos Santos"]
[Black "Nakagawa, Lucas Hiroshi Dos S"]
[Result "1-0"]
[WhiteElo "1473"]
[BlackElo "1800"]
[PlyCount "65"]
[EventDate "2023.10.09"]
[EventType "swiss"]
[EventRounds "6"]
[EventCountry "BRA"]
[SourceTitle "Mega2024 Update 01"]
[Source "Chessbase"]
[SourceDate "2023.11.12"]
[SourceVersion "1"]
[SourceVersionDate "2023.11.12"]
[SourceQuality "1"]

1. d4 Nf6 2. Bf4 g6 3. Nf3 d6 4. e3 Bg7 5. Be2 0-0 6. 0-0 Nbd7 7. h3 Re8 8. c3 h6 9. Nbd2 e5 10. dxe5 dxe5 11. Bh2 b6 12. Nb3 Bb7 13. Qc2 e4 14. Nfd4 c5 15. Nb5 Ne5 16. Rfd1 Qe7 17. Nd6 Red8 18. Nxb7 Rxd1+ 19. Rxd1 c4 20. Nc1 Nd3 21. Nd6 Qe6 22. Bxd3 cxd3 23. Qb3 Qe7 24. Nb5 Nd7 25. Qd5 Rd8 26. Bd6 Qh4 27. Bc7 Nf6 28. Qxd8+ Kh7 29. Nd6 Qh5 30. Rd2 g5 31. Ne8 Nxe8 32. Qxe8 f5 33. Qxh5 1-0

[Event "Cuiaba Contaud op"]
[Site "Cuiaba"]
[Date "2022.10.27"]
[Round "4"]
[White "Pimentel, Lucas Dos Santos"]
[Black "Luz, Arthur Nader"]
[Result "0-1"]
[WhiteElo "1391"]
[BlackElo "2154"]
[PlyCount "51"]
[EventDate "2022.10.25"]
[EventType "swiss"]
[EventRounds "9"]
[EventCountry "BRA"]
[SourceTitle "EXT 2024"]
[Source "ChessBase"]
[SourceDate "2023.10.10"]
[SourceVersion "1"]
[SourceVersionDate "2023.10.10"]
[SourceQuality "1"]

1. d4 Nf6 2. Bf4 g6 3. Nf3 Bg7 4. e3 0-0 5. h3 d6 6. Bc4 c5 7. c3 Qa5 8. Nbd2 b5 9. Bb3 Bb7 10. 0-0 Nbd7 11. a4 b4 12. Nc4 Qa6 13. cxb4 cxb4 14. Nfd2 Rac8 15. Ba2 Ne4 16. Nxe4 Bxe4 17. b3 d5 18. Nd2 Bc2 19. Qe1 Bd3 20. Nf3 Bxf1 21. Qxb4 Be2 22. Qxe7 Bxf3 23. Qxd7 Be4 24. b4 Rfd8 25. b5 Rxd7 26. bxa6 0-1

[Event "Cuiaba Contaud op"]
[Site "Cuiaba"]
[Date "2022.10.26"]
[Round "3"]
[White "Freitas, Mauricio Mathioli"]
[Black "Pimentel, Lucas Dos Santos"]
[Result "0-1"]
[WhiteElo "1445"]
[BlackElo "1391"]
[PlyCount "69"]
[EventDate "2022.10.25"]
[EventType "swiss"]
[EventRounds "9"]
[EventCountry "BRA"]
[SourceTitle "EXT 2024"]
[Source "ChessBase"]
[SourceDate "2023.10.10"]
[SourceVersion "1"]
[SourceVersionDate "2023.10.10"]
[SourceQuality "1"]

1. d4 d5 2. c4 e6 3. Nc3 Nf6 4. cxd5 exd5 5. Bg5 Be7 6. e3 0-0 7. Bd3 c6 8. Nge2 h6 9. Bh4 Ne4 10. Bxe7 Nxc3 11. Bxd8 Nxd1 12. Be7 Nxb2 13. Bh7+ Kxh7 14. Bxf8 Nd3+ 15. Kf1 Bf5 16. h4 Nd7 17. Bd6 Re8 18. Ng3 Bg4 19. f3 Be6 20. Ba3 c5 21. dxc5 N7xc5 22. Ke2 Bd7 23. Kd2 Bb5 24. Nf5 Ba6 25. Nd4 Nd7 26. Bd6 Nb6 27. Bg3 Nb2 28. Rhe1 N2c4+ 29. Kd3 Nxe3+ 30. Kd2 Nbc4+ 31. Kc3 Rc8 32. Kb4 Nb2 33. Kb3 Na4 34. Rac1 Bc4+ 35. Ka3 0-1

[Event "Cuiaba Contaud op"]
[Site "Cuiaba"]
[Date "2022.10.25"]
[Round "1"]
[White "Pires, Washington Gabriel"]
[Black "Pimentel, Lucas Dos Santos"]
[Result "0-1"]
[WhiteElo "1921"]
[BlackElo "1391"]
[PlyCount "56"]
[EventDate "2022.10.25"]
[EventType "swiss"]
[EventRounds "9"]
[EventCountry "BRA"]
[SourceTitle "EXT 2024"]
[Source "ChessBase"]
[SourceDate "2023.10.10"]
[SourceVersion "1"]
[SourceVersionDate "2023.10.10"]
[SourceQuality "1"]

1. d4 d5 2. Nf3 Nf6 3. Bg5 e6 4. e3 Be7 5. Bd3 h6 6. Bh4 0-0 7. c3 c5 8. Bxf6 Bxf6 9. dxc5 Nd7 10. Nbd2 Nxc5 11. Bc2 Qb6 12. Rb1 Qa6 13. Nb3 Nxb3 14. axb3 Bd7 15. Ra1 Qb6 16. Qd3 g6 17. 0-0 Bb5 18. c4 Ba6 19. e4 Qc6 20. e5 Bg7 21. Nd4 dxc4 22. bxc4 Qxc4 23. Qe4 Rfd8 24. Rfd1 Rac8 25. Rac1 Qd5 26. Qxd5 Rxd5 27. f4 Bf8 28. Nb3 Rxc2 0-1

[Event "Florianopolis op 8th"]
[Site "Florianopolis"]
[Date "2022.01.29"]
[Round "9"]
[White "Boabaid, Jorge Alberto Duard"]
[Black "Pimentel, Lucas Dos Santos"]
[Result "0-1"]
[WhiteElo "1756"]
[BlackElo "1365"]
[PlyCount "80"]
[EventDate "2022.01.24"]
[EventType "swiss"]
[EventRounds "10"]
[EventCountry "BRA"]
[SourceTitle "EXT 2023"]
[Source "ChessBase"]
[SourceDate "2022.10.05"]
[SourceVersion "1"]
[SourceVersionDate "2022.10.05"]
[SourceQuality "1"]

1. e4 c5 2. Nf3 g6 3. d4 cxd4 4. Nxd4 Bg7 5. Bc4 Nc6 6. Be3 Nf6 7. Nc3 Qa5 8. f3 Qb4 9. Qd3 Ne5 10. Bxf7+ Kxf7 11. Qd1 Nc4 12. Bc1 Nxb2 13. Bxb2 Qxb2 14. Na4 Qb5 15. c3 Qc4 16. Qc2 Nh5 17. Nb2 Qc5 18. Qb3+ e6 19. Nd3 Qb6 20. Qc4 Qa6 21. Nb5 Qc6 22. Qb3 d6 23. Qb4 Rd8 24. Rd1 a6 25. Nd4 Bxd4 26. Qxd4 Bd7 27. e5 Rac8 28. g4 Ng7 29. 0-0 Qxc3 30. Qf4+ Kg8 31. exd6 Bb5 32. Qe4 Rxd6 33. Rc1 Rxd3 34. Rxc3 Rdxc3 35. Rf2 Bc6 36. Qe2 Bd5 37. h4 Rf8 38. f4 Rc1+ 39. Kh2 Rfc8 40. h5 Rh1+ 0-1

[Event "Florianopolis op 8th"]
[Site "Florianopolis"]
[Date "2022.01.24"]
[Round "1"]
[White "Reichert, Thiago da Cruz"]
[Black "Pimentel, Lucas Dos Santos"]
[Result "1-0"]
[WhiteElo "1986"]
[BlackElo "1365"]
[PlyCount "119"]
[EventDate "2022.01.24"]
[EventType "swiss"]
[EventRounds "10"]
[EventCountry "BRA"]
[SourceTitle "CBM 206 Extra"]
[Source "ChessBase"]
[SourceDate "2022.03.31"]
[SourceVersion "1"]
[SourceVersionDate "2022.03.31"]
[SourceQuality "1"]

1. d4 Nf6 2. c4 g6 3. Nc3 Bg7 4. e4 d6 5. f3 0-0 6. Be3 e5 7. Nge2 Nbd7 8. d5 a5 9. Qd2 Nc5 10. Nc1 Ne8 11. Nb3 Nd7 12. h4 f5 13. g3 Qf6 14. Bg5 Qf7 15. Bh3 a4 16. Nc1 Nc5 17. Rf1 f4 18. Bxc8 Rxc8 19. h5 gxh5 20. gxf4 exf4 21. N1e2 Be5 22. 0-0-0 Kh8 23. Rh1 Ng7 24. Rh4 Bf6 25. Bxf6 Qxf6 26. Rxf4 Qe7 27. Rxf8+ Rxf8 28. Nd4 Qe5 29. Nce2 Qh2 30. Qe3 Qe5 31. Rg1 h4 32. Rh1 Qh5 33. Kb1 Re8 34. Qf4 Nd3 35. Qf6 h3 36. Ne6 Qe5 37. Qxg7+ Qxg7 38. Nxg7 Kxg7 39. Rxh3 Ne5 40. b3 axb3 41. axb3 Nd3 42. Nd4 Nf4 43. Rh4 Ng6 44. Rh5 Re5 45. Rh1 Nf4 46. Nf5+ Kh8 47. Kc2 h5 48. Rh4 Ng6 49. Rxh5+ Kg8 50. Rg5 Kf7 51. Kc3 Kf6 52. Rh5 Ne7 53. Rh7 Nxf5 54. exf5 Rxf5 55. Rxc7 Rxf3+ 56. Kb4 Ke5 57. Re7+ Kd4 58. Rd7 Ke5 59. Re7+ Kd4 60. Re6 1-0